[Event "Girona Gerunda Sarria Ter4th"]
[Site "Girona"]
[Date "2019.05.10"]
[Round "6.6"]
[White "Carranza Font, Joan"]
[Black "Curiel Perez, Victorio"]
[Result "1/2-1/2"]
[WhiteElo "1743"]
[BlackElo "1743"]
[PlyCount "97"]
[EventDate "2019.03.29"]
[EventType "swiss"]
[EventRounds "9"]
[EventCountry "ESP"]
[SourceTitle "EXT 2024"]
[Source "ChessBase"]
[SourceDate "2023.10.10"]
[SourceVersion "1"]
[SourceVersionDate "2023.10.10"]
[SourceQuality "1"]

1. d4 Nf6 2. c4 g6 3. Nc3 Bg7 4. e4 d6 5. f4 0-0 6. Nf3 Bg4 7. Be2 Nc6 8. 0-0 a6 9. Be3 Bxf3 10. Bxf3 Bh6 11. Qd2 Qc8 12. h3 e6 13. g4 Nd7 14. e5 dxe5 15. fxe5 Bxe3+ 16. Qxe3 Qd8 17. g5 Rb8 18. Bxc6 bxc6 19. b3 h6 20. h4 hxg5 21. hxg5 Kg7 22. Kg2 Rh8 23. Rh1 Qe7 24. Ne4 Qa3 25. Qf2 Rxh1 26. Rxh1 Rh8 27. Rxh8 Kxh8 28. Qxf7 Nf8 29. Qf6+ Kg8 30. Qf2 Qc1 31. Nf6+ Kg7 32. Kg3 Qxg5+ 33. Kh3 c5 34. Ne8+ Kg8 35. Nf6+ Kh8 36. dxc5 Qxe5 37. Ng4 Qf5 38. Qd4+ Kg8 39. Kg3 Qg5 40. Qf4 Qxf4+ 41. Kxf4 Nd7 42. b4 Kf7 43. c6 Nb6 44. Ne5+ Kf6 45. Ke4 g5 46. a3 Ke7 47. Kd4 Kf6 48. Ke4 Ke7 49. Kd4 1/2-1/2